LIBRARY & INFORMATION CENTRE, KCAET, TAVANUR

ONLINE PUBLIC ACCESS CATALOGUE (OPAC)

Hydraulic structures (Record no. 13857)

MARC details
000 -LEADER
fixed length control field 00359nam a22001697a 4500
020 ## - INTERNATIONAL STANDARD BOOK NUMBER
ISBN 9780415386265
082 ## - DEWEY DECIMAL CLASSIFICATION NUMBER
Classification number 627.52 NOV/HY
100 ## - MAIN ENTRY--AUTHOR NAME
Personal name Novak P
100 ## - MAIN ENTRY--AUTHOR NAME
Personal name Moffat A I B
100 ## - MAIN ENTRY--AUTHOR NAME
Personal name Nalluri C
100 ## - MAIN ENTRY--AUTHOR NAME
Personal name Narayanan R
245 ## - TITLE STATEMENT
Title Hydraulic structures
250 ## - EDITION STATEMENT
Edition statement Ed 4
260 ## - PUBLICATION, DISTRIBUTION, ETC. (IMPRINT)
Place of publication Oxon
Name of publisher E & FN Spon
Year of publication 2007
300 ## - PHYSICAL DESCRIPTION
Number of Pages 700
942 ## - ADDED ENTRY ELEMENTS (KOHA)
Koha item type Books
Holdings
Withdrawn status Lost status Damaged status Collection code Home library Current library Shelving location Date acquired Source of acquisition Cost, normal purchase price Full call number Accession Number Koha item type
      Reference KAUAET KAUAET Reference 31/03/2012 Universal Research Books, Thrissur 2429.50 627.52 NOV/HY 22624 Books
free website counter